| 000 | 00892nam a22002177a 4500 | ||
|---|---|---|---|
| 008 | 120424t ||||| |||| 00| 0 eng d | ||
| 020 | _a9702706033 | ||
| 050 | 0 | 4 |
_aCB103 _bE88 2003 |
| 245 | 0 | 0 |
_aEstudios de Historia Cultural : _bEspacios, textos e intercambios simbólicos en las expresiones culturales / _cMarco Aurelio Larios Lopez, Adriana Ruiz Razura, Mariana Terán Funetes, compiladores. |
| 250 | _a1a ed. | ||
| 260 |
_aGuadalajara Jal. México : _bCentro Universitario de Arte, Arquitectura y diseño, Universidad de Guadalajara, _c2003 |
||
| 300 |
_a291 p. : _bil. ; _c21 cm. |
||
| 440 | 0 | _aLaberintos | |
| 504 | _aIncluye : Bibliografias e índice | ||
| 650 | 4 | _aHistoria Cultural | |
| 650 | 4 |
_aCultura _xHistoria |
|
| 700 | 1 |
_aLarios Lopez, Marco Aurelio, _qcomp. |
|
| 700 |
_aRuiz Razura, Adriana, _qcomp. |
||
| 700 |
_aTeran Fuentes, Mariana, _qcomp. |
||
| 942 |
_2lcc _cLIB |
||
| 999 |
_c30498 _d30498 |
||